000 00967nam a22002417a 4500
001 82290
003 BD-RjUL
005 20231213104457.0
008 231114s2018 bg a|||| m||| 00| 0 eng d
035 _a(BD-RjUL)82290
040 _aBD-RjUL
_beng
_cBD-RjUL
_dBD-RjUL
041 _aeng
082 _223
_a891.4409
_bACC 2018
100 _aAcharyya, Satabdi
_910054
245 1 0 _aA Comparative Study of Dance in English and Bengali Literature of Medieval Period (15th - 17th Century) /
_cBy Satabdi Acharyya ;
_6Supervisor : Shafiqunnabee Samadi.
260 _aRajshahi :
_bDepartment of Music, University of Rajshahi,
_c2018.
300 _a[6], 181 leaves :
_bill, ;
_c29.cm.
502 _aThesis (Ph. D.) -- Department of Music, University of Rajshahi, 2018
504 _aBibliography : Leaves 178 - 181
650 _aBengali literature
_xEast Indo-European and celtic literatures
_910055
700 _aSamadi, Shafiqunnabee, Supervisor
_910056
942 _2ddc
_cTHE
999 _c82290
_d82290